LEADER 00942nam a2200229 i 4500 001 000000071955 003 CaOOAMICUS 005 20090130000000.0 008 090130s1950 fr u000 u fre u 013 $a43127 040 $aSeMil$bita 100 1 $aRuyer, Raymond <1902-1987>.$0(OLS)http://semarc/name/35691 245 12$aL'utopie et les utopies /$cpar Raymond Ruyer. 260 $aParis :$bPresses Universitaires de France,$c1950. 300 $a293 p ;$c22 cm. 490 0 $aBibliothèque de philosophie contemporaine 650 4$aUtopie.$0(OLS)http://semarc/subject/14477 830 0$aBibliothèque de philosophie contemporaine.$0(OLS)http://semarc/title/9305 850 $aSeMil 852 $aSeMil$W1$xVenegono$y1$m2P V 191$j38108$B38108$CSeMilBibl$Z2$F38111 $81 996 $6245$aL'utopie et les utopies$9(OLS)http://semarc/title/115876 996 $6260$aParis :$bPresses Universitaires de France$9(OLS)http://semarc/publisher/30047 LEADER 01089nam a2200289 i 4500 001 000000112965 003 CaOOAMICUS 005 20030310000000.0 008 030310s1988 gw u000 u ger u 013 $a85649 020 $a3-7966-0656-3 040 $aSeMil$bita 100 1 $aPieper, Josef <1904-1997>.$0(OLS)http://semarc/name/18030 245 10$aWas Heißt "sakral"? :$bKlärungsversuche /$cJosef Pieper. 260 $aOstfildern :$bSchwabenverlag,$c1988. 300 $a106 p. ;$c20 cm. 490 0 $aAnstöße 500 $aFondo Card. C.M. Martini. 650 4$aSacro.$0(OLS)http://semarc/subject/8612 830 0$aAnstöße.$0(OLS)http://semarc/title/11680 850 $aSeMil 852 $aSeMil$W1$xVenegono$y1$m2D II 70$j68682$B68682$CSeMilBibl$Z2$F91733 $81 941 1 $a4 961 $aOmaggio: Martini Card. Carlo Maria 996 $6020$a3-7966-0656-3$9(OLS)http://semarc/number/95724 996 $6245$aWas Heißt "sakral"? :$bKlärungsversuche$9(OLS)http://semarc/title/164813 996 $6260$aOstfildern :$bSchwabenverlag$9(OLS)http://semarc/publisher/32395